00589nam a2200193Ia 4500008004100000020001800041050002400059100001800083245004000101250002300141260005000164300002300214440003900237520001300276650002100289650002100310650003300331650003100364150610s9999 xx 000 0 und d a9781423185406 aPZ7b.R4829Hou 2013 aRiordan, Rick 4aThe house of Hades /cRick Riordan. aFirst American ed. aNew York : bDisney /Hyperion Books, c2013. a597pages ;c21 cm. aThe heroes of Olympus ; bk. 4vv.4 aFiction. aCamps bFiction. aGiantsxFiction. aHera (Greek deity)bFiction. aMythology, GreekxFiction.